000 00307nam a22001337a 4500
003 SGT
020 _a9788171327669
082 _a371.9,GOE
100 _aGOEL S K
245 _aSPECIAL EDUCATION AND REHABILITATION SERVICES
260 _aJAIPUR
_bPOINTER PUBLISHARS
_c2013
300 _a230
942 _2ddc
_cBK
999 _c34113
_d34113